Global communication

Збережено в:
Бібліографічні деталі
Автор: HAMELINK, Cees J.
Формат: Книга
Мова:Англійська
Опубліковано: SAGE Publications 2015
Теги: Додати тег
Немає тегів, Будьте першим, хто поставить тег для цього запису!

MARC

LEADER 00000nam a22000007a 4500
008 211222b ||||| |||| 00| 0 eng d
020 |a  978-1-84920-424-8 
100 |a HAMELINK, Cees J. 
245 |a Global communication  |c  Cees J. Hamelink  |g  xiii, 279p. 
260 |b  SAGE Publications  |c  2015  |h  Los Angeles  |i 693445 – Soc. Sci  |i  693446  |l P96 .I5H17   |m Communication, International. 
500 |a “It includes bibliographical references and index”. 
942 |a lcc  |c BK  |e IFATOLA J.O  |f 22/12/2021 
952 |0 0  |1 0  |2 lcc  |4 0  |6 P0096 I5 H17  |7 0  |9 4004  |a SSL  |b HOL  |c LP  |d 2021-12-22  |l 0  |o P96 .I5H17  |p 2021-67728  |r 2021-12-22 00:00:00  |t 693445 – Soc. Sci  |w 2021-12-22  |y BK 
952 |0 0  |1 0  |2 lcc  |4 0  |6 P0096 I5 H17  |7 0  |9 4005  |a HOL  |b HOL  |c LP  |d 2021-12-22  |l 0  |o P96 .I5H17  |p 2021-67729  |r 2021-12-22 00:00:00  |t  693446.  |w 2021-12-22  |y BK 
999 |c 2009  |d 2009